Normal view
MARC view
- Rading Improvement
Entry Topical Term
001 - CONTROL NUMBER
- control field: 107645
003 - CONTROL NUMBER IDENTIFIER
- control field: NUST
005 - DATE AND TIME OF LATEST TRANSACTION
- control field: 20230125132246.0
008 - FIXED-LENGTH DATA ELEMENTS
- fixed length control field: 230125|| aca||aabn | a|a d
040 ## - CATALOGING SOURCE
- Original cataloging agency: NUST
- Transcribing agency: NUST
150 ## - HEADING--TOPICAL TERM
- Topical term or geographic name entry element: Rading Improvement
670 ## - SOURCE DATA FOUND
- Source citation: Work cat.: (NUST)185736: Harnadek, Anita 107644, Critical Rading Improvement /
